000 01095nam a2200265 i 4500
001 59279
003 ES-MaACL
005 20231215063512.0
007 t|
008 031028s1935 sp ||||1| spa d
040 _cES-MaACL
080 _a347.19
100 1 _aEijo y Garay, Leopoldo
_946828
_eaut
245 1 3 _aLa persona jurídica :
_bsu concepto filosófico y derechos fundamentales que debe respetar en ella el Estado /
_cdiscurso leído en el acto de su recepción por Leopoldo Eijo Garay, obispo de Madrid-Alcalá ; contestación de Felipe Clemente de Diego el día 9 de junio de 1935.
260 _aMadrid :
_bLuz y Vida,
_c1935.
300 _a15 p. ;
_c24 cm.
500 _aPrecede al tít.: Academia de Ciencias Morales y Políticas.
650 4 _915979
_aPersonas jurídicas
700 1 _aDiego y Gutiérrez, Felipe Clemente de,
_d1866-1945
_eaut
_9234641
710 2 _aReal Academia de Ciencias Morales y Políticas (España)
_9222050
852 _aES-MaACL
_j1801-F-3
942 _cMONOGRAFIA
_n0
999 _c59279
_d59279